Villes françaises qui contiennent le mot "Le" (mort subite) - Statistiques

Statistiques générales
  • Ce quiz a été pris 123 fois
  • Le résultat moyen est 15 sur 17
Answers on the Grid
Answers color-coded by a green-red scale on the quiz's grid according to % correct below.
Lons- -Saunier
Bois- -Roi
Nuits- -Georges
Villeneuve- -Roi
Joinville- -Pont
Noisy- -Grand
Bar- -Duc
Trouville- -Mer
Verrières- -Buisson
Paray- -Monial
Choisy- -Roi
Noisy- -Sec
Vaux- -Pénil
Villeneuve- -Yonne
Vitry- -François
Montigny- -Bretonneux
Nogent- -Rotrou
Savigny- -Temple
Azay- -Rideau
Brienne- -Château
 
Statistiques - réponses
Réponse % Correct
Noisy- -Grand
96%
Noisy- -Sec
94%
Bois- -Roi
93%
Choisy- -Roi
92%
Savigny- -Temple
91%
Villeneuve- -Roi
91%
Bar- -Duc
90%
Vitry- -François
90%
Brienne- -Château
89%
Lons- -Saunier
88%
Azay- -Rideau
87%
Joinville- -Pont
87%
Nogent- -Rotrou
87%
Vaux- -Pénil
87%
Montigny- -Bretonneux
86%
Verrières- -Buisson
80%
Paray- -Monial
78%
Aucun quiz correspondant
Distribution des résultats
% des personnes avec chaque résultat
Percentile par nombre de réponses
Votre historique - résultats
Vous n’avez pas pris ce quiz